Isurv Knowledge Alert (Record no. 118806)
[ view plain ]
| 000 -LEADER | |
|---|---|
| fixed length control field | 01160cas a22003255a 4500 |
| 001 - CONTROL NUMBER | |
| control field | ##L130026 |
| 008 - FIXED-LENGTH DATA ELEMENTS--GENERAL INFORMATION | |
| fixed length control field | 050615d20052006xxker p aa a0eng u |
| 022 1# - INTERNATIONAL STANDARD SERIAL NUMBER | |
| International Standard Serial Number | 1746-8248 |
| 035 ## - SYSTEM CONTROL NUMBER | |
| System control number | (Sirsi) u130026 |
| 041 04 - LANGUAGE CODE | |
| Language code of text/sound track or separate title | eng |
| 110 2# - MAIN ENTRY--CORPORATE NAME | |
| Corporate name or jurisdiction name as entry element | Royal Institution of Chartered Surveyors |
| Subordinate unit | Library and Information Services |
| 9 (RLIN) | 4634 |
| 245 00 - TITLE STATEMENT | |
| Title | Isurv Knowledge Alert |
| 260 ## - PUBLICATION, DISTRIBUTION, ETC. | |
| Place of publication, distribution, etc. | London |
| Name of publisher, distributor, etc. | RICS |
| Date of publication, distribution, etc. | 2005-2006 |
| 362 ## - DATES OF PUBLICATION AND/OR SEQUENTIAL DESIGNATION | |
| Dates of publication and/or sequential designation | [1]5 May 2005-(31) July 2006 |
| 362 0# - DATES OF PUBLICATION AND/OR SEQUENTIAL DESIGNATION | |
| Dates of publication and/or sequential designation | [1]5 May 2005-(31) July 2006 |
| 520 ## - SUMMARY, ETC. | |
| Summary, etc. | Current awarness bulletin from RICS Library and Information Services. No number or date appears on the special issue or issue one; issue for 17 November 2005 and 1 December 2005 are both labelled issue 15. |
| 554 ## - | |
| -- | One every two weeks |
| 690 ## - LOCAL SUBJECT ADDED ENTRY--TOPICAL TERM (OCLC, RLIN) | |
| Topical term or geographic name as entry element | ABOUT RICS |
| 690 ## - LOCAL SUBJECT ADDED ENTRY--TOPICAL TERM (OCLC, RLIN) | |
| Topical term or geographic name as entry element | BUILT ENVIRONMENT |
| 690 ## - LOCAL SUBJECT ADDED ENTRY--TOPICAL TERM (OCLC, RLIN) | |
| Topical term or geographic name as entry element | CAREERS, EDUCATION AND TRAINING |
| 690 ## - LOCAL SUBJECT ADDED ENTRY--TOPICAL TERM (OCLC, RLIN) | |
| Topical term or geographic name as entry element | ENVIRONMENTAL AND LAND CONSULTANCY |
| 690 ## - LOCAL SUBJECT ADDED ENTRY--TOPICAL TERM (OCLC, RLIN) | |
| Topical term or geographic name as entry element | MANAGEMENT |
| 690 ## - LOCAL SUBJECT ADDED ENTRY--TOPICAL TERM (OCLC, RLIN) | |
| Topical term or geographic name as entry element | PROPERTY |
| 690 ## - LOCAL SUBJECT ADDED ENTRY--TOPICAL TERM (OCLC, RLIN) | |
| Topical term or geographic name as entry element | RICS SERVICES |
| 700 ## - ADDED ENTRY--PERSONAL NAME | |
| Personal name | Armstrong Viner, Robin |
| 780 00 - PRECEDING ENTRY | |
| Title | RICS Abstracts and Reviews |
| International Standard Serial Number | 0033-6939 |
| 780 00 - PRECEDING ENTRY | |
| Title | RICS Weekly Briefing |
| 785 00 - SUCCEEDING ENTRY | |
| Title | RICS Knowledge Alert |
| 942 ## - ADDED ENTRY ELEMENTS (KOHA) | |
| Suppress in OPAC | 0 |
| Withdrawn status | Lost status | Source of classification or shelving scheme | Damaged status | Not for loan | Home library | Current library | Date acquired | Total Checkouts | Full call number | Barcode | Date last seen | Copy number | Price effective from | Koha item type | Shelving location |
|---|---|---|---|---|---|---|---|---|---|---|---|---|---|---|---|
| Dewey Decimal Classification | London | London | 15/06/2005 | ISURV KNOWLEDGE ALERT | 130026-2001 | 06/08/2019 | 1 | 06/08/2019 | Archive | ||||||
| Dewey Decimal Classification | London | London | 15/06/2005 | ISURV KNOWLEDGE ALERT | 130026-2002 | 06/08/2019 | 06/08/2019 | Journal | Gallery | ||||||
| Dewey Decimal Classification | London | London | 10/01/2006 | ISURV KNOWLEDGE ALERT | 130026-2003 | 06/08/2019 | 06/08/2019 | Journal | Gallery |